| 000 | 00354nam a22001457a 4500 | ||
|---|---|---|---|
| 008 | 210511b ||||| |||| 00| 0 eng d | ||
| 020 | _a9780130323736 | ||
| 041 | _aeng | ||
| 080 |
_212th _a330.722.6 |
||
| 082 | _a330.722.6 | ||
| 100 | _a62 | ||
| 101 | _aKM | ||
| 245 |
_aIntroduction to Management Accounting _cCharles T. Horngren |
||
| 942 |
_2udc _cBK |
||
| 999 |
_c57165 _d57165 |
||